Periodic Table Elements Beginning With S - Statistics

General Stats
  • This quiz has been taken 246 times
  • The average score is 7 of 9
Answer Stats
Element % Correct
Silicon
82%
Strontium
81%
Scandium
79%
Selenium
77%
Silver
76%
Sodium
75%
Sulphur
73%
Samarium
63%
Seaborgium
62%
No matching quizzes found
Score Distribution
Percent of People with Each Score
Percentile by Number Answered
Your Score History
You have not taken this quiz